|
|
|
|
| LEADER |
00000n m2a2200000 4500 |
| 001 |
220022 |
| 005 |
20231101230313.0 |
| 035 |
|
|
|a (RuTPU)RU\TPU\book\240132
|
| 035 |
|
|
|a RU\TPU\book\240130
|
| 090 |
|
|
|a 220022
|
| 100 |
|
|
|a 20120807d1977 m y0rusy50 ca
|
| 101 |
0 |
|
|a rus
|
| 102 |
|
|
|a RU
|
| 105 |
|
|
|a a z 001ay
|
| 200 |
0 |
|
|a Т. 1
|a Повторение пройденного. Повести о женщинах
|
| 210 |
|
|
|d 1977
|
| 215 |
|
|
|a 463 с.
|c ил.
|
| 330 |
|
|
|a В настоящее издание вошли роман С. Баруздина «Повторение пройденного» и «Повести о женщинах». Оба произведения объединены темой: война и человек на войне. Это, по определению автора, «попытка дать биографию поколения комсомольцев сороковых годов, отцов и матерей нынешних комсомольцев».
|
| 461 |
|
1 |
|0 (RuTPU)RU\TPU\book\240130
|t Избранные произведения
|o В 2 т.
|f С. А. Баруздин
|v Т. 1: Повторение пройденного. Повести о женщинах
|d 1977
|
| 606 |
1 |
|
|a Русская литература современная
|2 stltpush
|3 (RuTPU)RU\TPU\subj\26373
|9 50316
|
| 610 |
1 |
|
|a романы
|
| 610 |
1 |
|
|a Великая Отечественная война 1941-1945
|
| 610 |
1 |
|
|a советская литература
|
| 610 |
1 |
|
|a военная проза
|
| 675 |
|
|
|a Р2
|v 3
|
| 801 |
|
1 |
|a RU
|b 63413507
|c 20120807
|
| 801 |
|
2 |
|a RU
|b 63413507
|c 20220119
|g RCR
|
| 942 |
|
|
|c BK
|